Sanat - "Tuulien teitä" - Dilemma - Statistics

Yleistilastot
  • Tätä visaa on pelattu 17 kertaa
  • Keskiarvotulos 92 / 251
Vastaustilastot
Vastaus % Oikein
kauneimman
100%
Lasken
100%
lasken
100%
leijan
100%
lentää
100%
saa
100%
se
100%
teitä
100%
tuulien
100%
matkaan
93%
ja
60%
anna
53%
ulapan
53%
yli
53%
meitä
47%
o
47%
varjele
47%
rauhaa
40%
toiveen
40%
jos
33%
ku
33%
laitan
33%
nousee
33%
Toivo
33%
kantaa
27%
vaa
27%
vaan
27%
Vaik
27%
ei
20%
on
20%
ett
13%
että
13%
Maailman
13%
maailman
13%
ne
13%
oo
13%
paha
13%
hengenvedon
7%
ite
7%
joka
7%
joku
7%
liian
7%
meistä
7%
moni
7%
mut
7%
nää
7%
niin
7%
päästä
7%
pimenee
7%
pyyntö
7%
tääl
7%
veti
7%
viiltelee
7%
viimese
7%
äänist
0%
alla
0%
aniharva
0%
aset
0%
diileri
0%
egot
0%
enemmän
0%
enimmäksee
0%
frendi
0%
haavat
0%
hajonneille
0%
haluun
0%
heikompia
0%
hyväks
0%
hyvält
0%
ihmiset
0%
ihmisist
0%
ihon
0%
itteemme
0%
itteeni
0%
itteksee
0%
ittensä
0%
jaksamista
0%
jälki
0%
jätetää
0%
jonkun
0%
joutuu
0%
kamppanjoidaan
0%
käytetään
0%
ketkä
0%
kirvelee
0%
kommenteissa
0%
koululainen
0%
kuuluu
0%
kuva
0%
kyse
0%
läpensä
0%
Lempeyttä
0%
liikkeelle
0%
maaha
0%
meijän
0%
meille
0%
meinaa
0%
menee
0%
menettää
0%
miehelle
0%
mietittävä
0%
mikä
0%
minää
0%
miten
0%
mittelee
0%
mummi
0%
mun
0%
muun
0%
Nään
0%
näytetään
0%
niille
0%
niitten
0%
olee
0%
ollaan
0%
päihteille
0%
paljon
0%
parantaa
0%
pelkää
0%
perästä
0%
perheille
0%
pistelee
0%
pläänis
0%
puhuu
0%
Rakastetaan
0%
rattait
0%
rimpuilee
0%
samalla
0%
siitki
0%
siks
0%
silmissä
0%
sisältänsä
0%
soitti
0%
some
0%
taas
0%
takas
0%
tarkkaa
0%
taustoistaa
0%
teinityttö
0%
toipuville
0%
traumoissaa
0%
tuli
0%
turvautuu
0%
tuttu
0%
tykkäyksist
0%
väärin
0%
vaatii
0%
vanha
0%
varmaa
0%
viha
0%
vihaan
0%
voimaa
0%
voiman
0%
yh äideille
0%
yläasteelt
0%
Ehtoja vastaavia visoja ei löytynyt
Tulosjakauma
Jokaisen tuloksen saaneiden osuus
Persentiili vastausten määrän mukaan
Tuloshistoriasi
Et ole pelannut tätä visaa